00530nam a2200109Ia 4500008004100000245002200041300019900063650001300262856005400275999001900329952007200348170517s9999 xx 000 0 und d aPleasure and Pain aPleasure is vital for our survival - without it we wouldn't eat or have sex, and would soon die out as a species. But how does pleasure work and what gives us the most pleasure in life? In an... xScience. uhttp://topdocumentaryfilms.com/pleasure-and-pain/ c334344d334344 001040aCLbCLd2017-05-17l0r2017-05-17 00:00:00w2017-05-17yDF